00836nam a2200241 i 4500001000300000003000900003005001700012008003900029015001700068040003500085080000800120100003700128245005900165260006000224300003300284380001700317504003600334650002400370655001700394700003900411710004600450856009800496bgKOSZ 00520191118083046.0070918s1968 pl a f 001 0 pol aPB 1968/9140 aWA NcKOSZ 005/RWdKOSZ 005/RW a3111 aLange, Oskard(1904-1965)eAutor10aTeoria statystyki /cOskar Lange, Antoni Banasiński. aWarszawa :bPaństwowe Wydawnictwo Ekonomiczne,c1968. a399, [1] s. :bil. ;c25 cm. aKsiążki. aBibliogr. s. [383]-384. Indeks. 4aStatystykaxteoria. 4aPodręcznik1 aBanasiński, Antonid(1908-1993).2 aPaństwowe Wydawnictwo Ekonomiczne4pbl. uhttp://koha.tu.koszalin.pl/cgi-bin/koha/opac-detail.pl?biblionumber=11432yKatalog online BPK